[Rezension von: Wolfgang Harms / Dietmar Peil (Hrsg.), Polyvalenz und Multifunktionalität in der Emblematik]
Saved in:
| Published in: | Kunstform 5(2004), 2 |
|---|---|
| Main Author: | |
| Document Type: | Online Resource Article |
| Language: | German |
| Published: |
2004
|
| Subjects: | |
| Online Access: | kostenfrei |
| Related Items: | Enthalten in:
Kunstform Rezension von: Polyvalenz und Multifunktionalität der Emblematik |
| Author Notes: | rezensiert von Joseph Imorde |
| LEADER | 01823caa a2200349 c 4500 | ||
|---|---|---|---|
| 001 | 1919826386 | ||
| 003 | DE-627 | ||
| 005 | 20260419030925.0 | ||
| 007 | cr uuu---uuuuu | ||
| 008 | 250314s2004 xx |||||oo 00| ||ger c | ||
| 035 | |a (DE-627)1919826386 | ||
| 035 | |a (DE-599)KXP1919826386 | ||
| 035 | |a (OCoLC)1533754022 | ||
| 040 | |a DE-627 |b ger |c DE-627 |e rda | ||
| 041 | |a ger | ||
| 084 | |a KUNST |q DE-16 |2 fid | ||
| 100 | 1 | |a Imorde, Joseph |d 1963- |e VerfasserIn |0 (DE-588)129981079 |0 (DE-627)485305399 |0 (DE-576)216766575 |4 aut | |
| 245 | 1 | 0 | |a [Rezension von: Wolfgang Harms / Dietmar Peil (Hrsg.), Polyvalenz und Multifunktionalität in der Emblematik] |c rezensiert von Joseph Imorde |
| 264 | 1 | |c 2004 | |
| 300 | |b Illustrationen | ||
| 336 | |a Text |b txt |2 rdacontent | ||
| 337 | |a Computermedien |b c |2 rdamedia | ||
| 338 | |a Online-Ressource |b cr |2 rdacarrier | ||
| 655 | 7 | |a Rezension |0 (DE-588)4049712-4 |0 (DE-627)106186019 |0 (DE-576)209083166 |2 gnd-content | |
| 773 | 0 | 8 | |i Enthalten in |t Kunstform |d München : Ludwig-Maximilians-Universität München, Institut für Kunstgeschichte, 2000 |g 5(2004), 2 |h Online-Ressource |w (DE-627)382929004 |w (DE-600)2140180-9 |w (DE-576)281244731 |x 1618-7199 |7 nnas |
| 773 | 1 | 8 | |g volume:5 |g year:2004 |g number:2 |
| 787 | 0 | 8 | |i Rezension von |a Polyvalenz und Multifunktionalität der Emblematik (Veranstaltung : 1999 : München) |t Polyvalenz und Multifunktionalität der Emblematik |d Frankfurt am Main : Peter Lang, 2002 |w (DE-627)1166241602 |w (DE-576)096241608 |z 3631361378 |
| 856 | 4 | 0 | |u https://www.arthistoricum.net/kunstform/rezension/ausgabe/2004/2/1450 |x Verlag |z kostenfrei |3 Volltext |7 0 |
| 951 | |a AR | ||
| 994 | |u https://www.arthistoricum.net/themen/rezensionen/kunstform/rezension/ausgabe/2004/2/1450 | ||
| 991 | |a Rezension (Monographie, Zeitschrift, Aufsatz) | ||
| 999 | |a KXP-PPN1919826386 |e 4986072234 | ||


